000 00501nam a22001697a 4500
003 SGT
020 _a9380901291
082 _a658, SIN
100 _aSINGLA,R.K
245 _aBUSINESS MANAGEMENT
_bSEMESTER 1ST & 2ND
250 _a1ST
260 _aNEW DELHI
_bV K GLOBAL PUBLICATIONS PVT. LTD.
_c2013
300 _a194
650 _aMANAGEMENT
653 _aBUSINESS AN INTRODUCTION, NATURE OF MANAGEMENT, DEVELOPMENTS OF MANAGEMENT THOUGHT, DECISION MAKING, DEPARTMENTALIZATION,
942 _2ddc
_cFCM
999 _c8847
_d8847